Euro týdeník vydavatelství Mladá fronta
| Format: | Journal |
|---|---|
| Language: | Czech |
| PhysicalDescription: | zv. 28 cm |
| Published: |
Praha
Euronews
1998-
Praha Mladá fronta Praha New Look Media |
| ISSN: | 1212-3129 |
| Subjects: | |
| Online Access: | http://www.euro.cz http://www.tydenikeuro.cz |
MARC
| LEADER | 00000cas a2200000 a 4500 | ||
|---|---|---|---|
| 001 | vtls010444331 | ||
| 003 | SK-MaSNL | ||
| 005 | 20260228160350.0 | ||
| 008 | 120824c19989999xr wr|p 0 b0cze | ||
| 022 | |a 1212-3129 | ||
| 040 | |a SNK |b slo |c SNK |d SVKBB |e AACR2 | ||
| 041 | 0 | |a cze | |
| 044 | |a xr |c CZ | ||
| 072 | 7 | |a 339.7/.9 |x Svetová ekonomika a medzinárodné financie |2 konspekt | |
| 072 | 7 | |a 33 |x Ekonómia |2 konspekt | |
| 080 | |a 339.9 |2 2011 | ||
| 080 | |a (051)-027.561 |2 2011 | ||
| 080 | |a 33 |2 2011 | ||
| 210 | 0 | |a Euro |b (Praha Print) | |
| 222 | 0 | |a Euro |b Praha | |
| 245 | 0 | 0 | |a Euro |b týdeník vydavatelství Mladá fronta |
| 260 | |a Praha |b Euronews |c 1998- | ||
| 260 | 2 | |3 2012-2020 |a Praha |b Mladá fronta | |
| 260 | 3 | |3 2021- |a Praha |b New Look Media | |
| 300 | |a zv. |c 28 cm | ||
| 310 | |a 1x týždenne | ||
| 362 | 0 | |a Č. 1 (26. 10. 1998)- |z SK ČR/2014 | |
| 500 | |a Popis podľa: č. 33 (2012) | ||
| 500 | |a Predchádzajúci podnázov: ekonomický týdeník | ||
| 500 | |a Podnázov v 2012-2016: týdeník vydavatelství Mladá fronta | ||
| 500 | |a Od č. 12/2020 vychádza v spolupráci FT - Financial Times | ||
| 650 | 0 | 7 | |a svetová ekonomika |2 SNKPH |9 3976 |
| 650 | 0 | 7 | |a ekonomika |2 SNKPH |9 789 |
| 655 | 7 | |a odborné časopisy |2 SNKPH |9 70505 | |
| 770 | 0 | |t Český export |x 1803-4543 |w vtls011591785 | |
| 770 | 0 | |t Esence |x 2533-7629 |w vtls011839501 | |
| 770 | 0 | |t Hipster |x 2571-3388 |w vtls011869152 | |
| 770 | 0 | |t Active sport |x 2571-3787 |w vtls012058534 | |
| 770 | 0 | |t Connect! |x 1211-3085 |w vtls008881801 | |
| 770 | 0 | |t Top Amazing Places |x 2571-1768 |w vtls011908113 | |
| 770 | 0 | |t Český export a podnikání |w vtls011973743 | |
| 770 | 0 | |t Top české pivo |x 2571-0443 |w vtls012058530 | |
| 852 | |a Štátna vedecká knižnica v Banskej Bystrici | ||
| 856 | 4 | |u http://www.euro.cz | |
| 856 | 4 | |u http://www.tydenikeuro.cz | |
| 910 | |a snk | ||
| 999 | |c 2283 |d 4213 | ||
| 952 | |0 0 |1 0 |4 0 |7 0 |8 4 |a SNK |b SNK |d 2019-05-23 |i snk2019/14186 |l 0 |o snkČB 5819/2017/2 |p 17A1365343 |r 2026-02-21 19:32:29 |t č. 11-20 |w 2026-02-21 |y PREZ | ||
| 952 | |0 0 |1 0 |4 0 |7 0 |8 4 |a SNK |b SNK |d 2019-05-23 |i snk2019/14192 |l 0 |o snkČB 5819/2017/3 |p 17A1365342 |r 2026-02-21 19:33:36 |t č. 21-31 + príl. |w 2026-02-21 |y PREZ |z Príl.: Top restaurace 2017 | ||
| 952 | |0 0 |1 0 |4 0 |7 0 |8 4 |a SNK |b SNK |d 2019-05-23 |i snk2019/14194 |l 0 |o snkČB 5819/2017/4 |p 17A1365341 |r 2026-02-21 19:33:36 |t č. 32-41 + príl. |w 2026-02-21 |y PREZ |z Príl.: Českých 100 nejlepších 2016 | ||
| 952 | |0 0 |1 0 |4 0 |7 0 |8 3 |a SNK |b SNK |d 2023-05-04 |i snk2023/7207 |l 0 |o snkČB 5819/2021/1 |p 17A1465932 |r 2026-02-21 19:48:31 |t č. 1-12 |w 2026-02-21 |y PREZ | ||
| 952 | |0 0 |1 0 |4 0 |7 0 |8 3 |a SNK |b SNK |d 2023-05-04 |i snk2023/7209 |l 0 |o snkČB 5819/2021/2 |p 17A1465933 |r 2026-02-21 19:48:31 |t č. 13-24 + príl. |w 2026-02-21 |y PREZ |z Príl.: Českých 100 nejlepších 2020 (v č. 17/2021) | ||
| 952 | |0 0 |1 0 |4 0 |7 0 |8 3 |a SNK |b SNK |d 2023-05-04 |i snk2023/7210 |l 0 |o snkČB 5819/2021/3 |p 17A1465934 |r 2026-02-21 19:48:31 |t č. 25-33 |w 2026-02-21 |y PREZ | ||
| 952 | |0 0 |1 0 |4 0 |7 0 |8 3 |a SNK |b SNK |d 2024-09-11 |i snk2024/14112 |l 0 |o snkČB 5819/2022/1 |p 17A1523931 |r 2026-02-21 19:50:21 |t č. 1-12 + príl. |w 2026-02-21 |y PREZ |z Príl.: Top 111 nejbohatších Čechů a Slovákú 2021 (v č. 3-4) | ||
| 952 | |0 0 |1 0 |4 0 |7 0 |8 3 |a SNK |b SNK |d 2024-09-11 |i snk2024/14113 |l 0 |o snkČB 5819/2022/2 |p 17A1523932 |r 2026-02-21 19:50:21 |t č. 13-26 |w 2026-02-21 |y PREZ | ||
| 952 | |0 0 |1 0 |4 0 |7 0 |8 3 |a SNK |b SNK |d 2024-09-11 |i snk2024/14114 |l 0 |o snkČB 5819/2022/3 |p 17A1523933 |r 2026-02-21 19:50:21 |t č. 27-38 +2 príl. |w 2026-02-21 |y PREZ |z Príl.: Českých 100 nejlepších 2021 ( v č. 35); Top gurmán (v č. 36) | ||
| 952 | |0 0 |1 0 |4 0 |7 0 |8 3 |a SNK |b SNK |d 2024-09-11 |i snk2024/14115 |l 0 |o snkČB 5819/2022/4 |p 17A1523934 |r 2026-02-21 19:50:21 |t č. 39-51 + príl. |w 2026-02-21 |y PREZ |z Príl.: Top 105 nejbohatších Čechů a Slováků 2022 ( v č. 46) | ||
| 952 | |0 0 |1 0 |4 0 |7 0 |8 3 |a SNK |b SNK |d 2025-09-08 |i snk2025/14150 |l 0 |o snkČB 5819/2024/1 |p 17A1557654 |r 2026-02-21 19:51:51 |t č. 1-13 + príl. |w 2026-02-21 |y PREZ |z Príl.: Cirkulární ekonomika - v č. 12/13 | ||
| 952 | |0 0 |1 0 |4 0 |7 0 |8 3 |a SNK |b SNK |d 2025-09-08 |i snk2025/14151 |l 0 |o snkČB 5819/2024/2 |p 17A1557655 |r 2026-02-21 19:51:51 |t č. 14-26 + príl. |w 2026-02-21 |y PREZ |z Príl.: Budoucnost průmyslu a podnikání - v č. 25/26 | ||
| 952 | |0 0 |1 0 |4 0 |7 0 |8 3 |a SNK |b SNK |d 2025-09-08 |i snk2025/14152 |l 0 |o snkČB 5819/2024/3 |p 17A1557656 |r 2026-02-21 19:51:51 |t č. 27-39 + 2 príl. |w 2026-02-21 |y PREZ |z Príl.: Českých 100 nejlepších 2023 - v č. 35; ; Optimalizace businessu - v č. 39 | ||
| 952 | |0 0 |1 0 |4 0 |7 0 |8 3 |a SNK |b SNK |d 2025-09-08 |i snk2025/14153 |l 0 |o snkČB 5819/2024/4 |p 17A1557657 |r 2026-02-21 19:51:51 |t č. 40-51 |w 2026-02-21 |y PREZ | ||
| 952 | |0 0 |1 0 |4 0 |7 0 |8 4 |a SNK |b SNK |d 2021-06-02 |i snk2021/6171 |l 0 |o snkČB 5819/2019/1 |p 17A1433295 |r 2026-02-21 19:52:39 |t č. 1-10 + príl. |w 2026-02-21 |y PREZ |z Príl.: Export a podnikání, č. 1-2/2019 | ||
| 952 | |0 0 |1 0 |4 0 |7 0 |8 4 |a SNK |b SNK |d 2021-06-02 |i snk2021/6173 |l 0 |o snkČB 5819/2019/2 |p 17A1433296 |r 2026-02-21 19:52:39 |t č. 11-20 + príl. |w 2026-02-21 |y PREZ |z Príl.: Export a podnikání, č. 3/2019 | ||
| 952 | |0 0 |1 0 |4 0 |7 0 |8 4 |a SNK |b SNK |d 2021-06-02 |i snk2021/6174 |l 0 |o snkČB 5819/2019/3 |p 17A1433297 |r 2026-02-21 19:52:40 |t č. 21-31 + 3 príl. |w 2026-02-21 |y PREZ |z Príl.: Export a podnikání, č. 5, 6/2019; Top restaurace 2019 | ||
| 952 | |0 0 |1 0 |4 0 |7 0 |8 4 |a SNK |b SNK |d 2021-06-02 |i snk2021/6175 |l 0 |o snkČB 5819/2019/4 |p 17A1433298 |r 2026-02-21 19:52:40 |t č. 32-41 + 2 príl. |w 2026-02-21 |y PREZ |z Príl.: Export a podnikání, č. 7-8, 9/2019; | ||
| 952 | |0 0 |1 0 |4 0 |7 0 |8 4 |a SNK |b SNK |d 2021-06-02 |i snk2021/6182 |l 0 |o snkČB 5819/2019/5 |p 17A1433299 |r 2026-02-21 19:52:40 |t č. 42-52 + 4 príl. |w 2026-02-21 |y PREZ |z Príl.: Export a podnikání, č. 10, 11, 12/2019; Top advokátní kanceláře 2019 | ||
| 952 | |0 0 |1 0 |4 0 |7 0 |8 4 |a SNK |b SNK |d 2022-01-12 |i snk2022/572 |l 0 |o snkČB 5819/2020/1 |p 17A1460875 |r 2026-02-21 20:00:47 |t č. 1-13 + príl. |w 2026-02-21 |y PREZ |z Príl.: Top miliardáři 2019 | ||
| 952 | |0 0 |1 0 |4 0 |7 0 |8 4 |a SNK |b SNK |d 2022-01-12 |i snk2022/573 |l 0 |o snkČB 5819/2020/2 |p 17A1460876 |r 2026-02-21 20:00:47 |t č. 14-27 |w 2026-02-21 |y PREZ | ||
| 952 | |0 0 |1 0 |4 0 |7 0 |8 4 |a SNK |b SNK |d 2022-01-12 |i snk2022/574 |l 0 |o snkČB 5819/2020/3 |p 17A1461876 |r 2026-02-21 20:00:47 |t č. 28-39 |w 2026-02-21 |y PREZ | ||
| 952 | |0 0 |1 0 |4 0 |7 0 |8 4 |a SNK |b SNK |d 2022-01-12 |i snk2022/577 |l 0 |o snkČB 5819/2020/4 |p 17A1461875 |r 2026-02-21 20:00:47 |t č. 40-46 |w 2026-02-21 |y PREZ | ||
| 952 | |0 0 |1 0 |4 0 |7 0 |8 4 |a SNK |b SNK |d 2015-03-04 |i snk2015/7618 |l 0 |o snkČB 5819/2012/1 |p 17A1047214 |r 2026-02-21 21:04:54 |t č. 32-41, +príl |w 2026-02-21 |y PREZ |z príloha v č.36- Českých 100 nejlepších 2011 | ||
| 952 | |0 0 |1 0 |4 0 |7 0 |8 4 |a SNK |b SNK |d 2015-03-04 |i snk2015/7677 |l 0 |o snkČB 5819/2012/2 |p 17A1047215 |r 2026-02-21 21:04:54 |t č. 42-52 |w 2026-02-21 |y PREZ | ||
| 952 | |0 0 |1 0 |4 0 |7 0 |8 3 |a SNK |b SNK |d 2025-02-12 |i snk2025/2418 |l 0 |o snkČB 5819/2023/1 |p 17A1555653 |r 2026-02-21 21:22:05 |t č. 1-12 + príl. |w 2026-02-21 |y PREZ |z Príl.: Top právní byznys (v č. 1-2) | ||
| 952 | |0 0 |1 0 |4 0 |7 0 |8 3 |a SNK |b SNK |d 2025-02-12 |i snk2025/2419 |l 0 |o snkČB 5819/2023/2 |p 17A1555654 |r 2026-02-21 21:22:05 |t č. 13-26 |w 2026-02-21 |y PREZ | ||
| 952 | |0 0 |1 0 |4 0 |7 0 |8 3 |a SNK |b SNK |d 2025-02-12 |i snk2025/2420 |l 0 |o snkČB 5819/2023/3 |p 17A1555655 |r 2026-02-21 21:22:05 |t č. 27-38 + príl. |w 2026-02-21 |y PREZ |z Príl.: Českých 100 nejlepších 2022 (v č. 35) | ||
| 952 | |0 0 |1 0 |4 0 |7 0 |8 3 |a SNK |b SNK |d 2025-02-12 |i snk2025/2426 |l 0 |o snkČB 5819/2023/4 |p 17A1555656 |r 2026-02-21 21:22:05 |t č. 39-51 |w 2026-02-21 |y PREZ | ||
| 952 | |0 0 |1 0 |4 0 |7 0 |8 4 |a SNK |b SNK |d 2015-05-15 |i snk2015/15767 |l 0 |o snkČB 5819/2013/4 |p 17A1143918 |r 2026-02-21 21:26:03 |t č. 32-41 |w 2026-02-21 |y PREZ | ||
| 952 | |0 0 |1 0 |4 0 |7 0 |8 4 |a SNK |b SNK |d 2015-05-15 |i snk2015/15731 |l 0 |o snkČB 5819/2013/1 |p 17A1143915 |r 2026-02-21 21:26:08 |t č. 1-10 |w 2026-02-21 |y PREZ | ||
| 952 | |0 0 |1 0 |4 0 |7 0 |8 4 |a SNK |b SNK |d 2015-05-15 |i snk2015/15761 |l 0 |o snkČB 5819/2013/2 |p 17A1143916 |r 2026-02-21 21:26:08 |t č. 11-20 |w 2026-02-21 |y PREZ | ||
| 952 | |0 0 |1 0 |4 0 |7 0 |8 4 |a SNK |b SNK |d 2015-05-15 |i snk2015/15766 |l 0 |o snkČB 5819/2013/3 |p 17A1143917 |r 2026-02-21 21:26:08 |t č. 21-31 |w 2026-02-21 |y PREZ | ||
| 952 | |0 0 |1 0 |4 0 |7 0 |8 4 |a SNK |b SNK |d 2015-05-15 |i snk2015/15772 |l 0 |o snkČB 5819/2013/5 |p 17A1096638 |r 2026-02-21 21:34:01 |t č. 42-53 +príl. |w 2026-02-21 |y PREZ |z príloha E15 -v č.50 | ||
| 952 | |0 0 |1 0 |4 0 |7 0 |8 4 |a SNK |b SNK |d 2019-05-23 |i snk2019/14216 |l 0 |o snkČB 5819/2017/5 |p 17A1365340 |r 2026-02-21 21:48:56 |t č. 42-52 + príl. |w 2026-02-21 |y PREZ |z Príl.: Top advokátní kanceláře 2017 | ||
| 952 | |0 0 |1 0 |4 0 |7 0 |8 4 |a SNK |b SNK |d 2018-10-02 |i snk2018/19838 |l 0 |o snkČB 5819/2016/1 |p 17A1328610 |r 2026-02-21 21:50:22 |t č. 1-10 |w 2026-02-21 |y PREZ | ||
| 952 | |0 0 |1 0 |4 0 |7 0 |8 4 |a SNK |b SNK |d 2018-10-02 |i snk2018/19843 |l 0 |o snkČB 5819/2016/2 |p 17A1328609 |r 2026-02-21 21:50:22 |t č. 11-20 |w 2026-02-21 |y PREZ | ||
| 952 | |0 0 |1 0 |4 0 |7 0 |8 4 |a SNK |b SNK |d 2018-10-02 |i snk2018/19847 |l 0 |o snkČB 5819/2016/3 |p 17A1328608 |r 2026-02-21 21:50:22 |t č. 21-31 + príl. |w 2026-02-21 |y PREZ |z Príl.: Top restaurace 2016 | ||
| 952 | |0 0 |1 0 |4 0 |7 0 |8 4 |a SNK |b SNK |d 2018-10-02 |i snk2018/19853 |l 0 |o snkČB 5819/2016/4 |p 17A1328607 |r 2026-02-21 21:50:22 |t č. 32-41 + príl. |w 2026-02-21 |y PREZ |z Príl.: Českých 100 nejlepších 2015 | ||
| 952 | |0 0 |1 0 |4 0 |7 0 |8 4 |a SNK |b SNK |d 2018-10-02 |i snk2018/19856 |l 0 |o snkČB 5819/2016/5 |p 17A1328606 |r 2026-02-21 21:50:22 |t č. 42-52 + 3 príl. |w 2026-02-21 |y PREZ |z Príl.: Vánoce de luxe; Top advokátní kanceláře 2016; Top miliardáři 2016 | ||
| 952 | |0 0 |1 0 |4 0 |7 0 |8 4 |a SNK |b SNK |d 2019-05-23 |i snk2019/14180 |l 0 |o snkČB 5819/2017/1 |p 17A1365344 |r 2026-02-21 22:06:52 |t č. 1-10 |w 2026-02-21 |y PREZ | ||
| 952 | |0 0 |1 0 |4 0 |7 1 |8 4 |a SNK |b SNK |d 2016-11-07 |i snk2016/26018 |l 0 |o snkČB 5819/2015/1 |p 17A1203795 |r 2026-02-21 22:17:15 |t č. 1-10 |w 2026-02-21 |y NEVYP | ||
| 952 | |0 0 |1 0 |4 0 |7 1 |8 4 |a SNK |b SNK |d 2016-11-07 |i snk2016/26025 |l 0 |o snkČB 5819/2015/2 |p 17A1203794 |r 2026-02-21 22:17:15 |t č. 11-20 + príl. |w 2026-02-21 |y NEVYP |z príloha v č. 11: Styl & Tip: Rodinné domy 2015 | ||
| 952 | |0 0 |1 0 |4 0 |7 1 |8 4 |a SNK |b SNK |d 2016-11-07 |i snk2016/26028 |l 0 |o snkČB 5819/2015/3 |p 17A1203793 |r 2026-02-21 22:17:15 |t č. 21-31 |w 2026-02-21 |y NEVYP | ||
| 952 | |0 0 |1 0 |4 0 |7 1 |8 4 |a SNK |b SNK |d 2016-11-07 |i snk2016/26030 |l 0 |o snkČB 5819/2015/4 |p 17A1203792 |r 2026-02-21 22:17:15 |t č. 32-41 + 2 príl. |w 2026-02-21 |y NEVYP |z príloha v č. 36: Českých 100 nejlepších 2014; ; príloha v č. 38: Evropské fondy 2014-2020 | ||
| 952 | |0 0 |1 0 |4 0 |7 1 |8 4 |a SNK |b SNK |d 2016-11-07 |i snk2016/26038 |l 0 |o snkČB 5819/2015/5 |p 17A1203791 |r 2026-02-21 22:17:17 |t č. 42-52 + 3 príl. |w 2026-02-21 |y NEVYP |z prílohy: v č. 42: Public Relations; v č. 46: Top advokátní kanceláře 2015; v č. 51-52: Top miliardáři 2015 | ||
| 952 | |0 0 |1 0 |4 0 |7 0 |8 4 |a SNK |b SNK |d 2020-10-08 |i snk2020/18120 |l 0 |o snkČB 5819/2018/1 |p 17A1432187 |r 2026-02-21 22:23:16 |t č. 1-10 |w 2026-02-21 |y PREZ | ||
| 952 | |0 0 |1 0 |4 0 |7 0 |8 4 |a SNK |b SNK |d 2020-10-08 |i snk2020/18123 |l 0 |o snkČB 5819/2018/2 |p 17A1432188 |r 2026-02-21 22:23:16 |t č. 11-20 |w 2026-02-21 |y PREZ | ||
| 952 | |0 0 |1 0 |4 0 |7 0 |8 4 |a SNK |b SNK |d 2020-10-08 |i snk2020/18124 |l 0 |o snkČB 5819/2018/3 |p 17A1432189 |r 2026-02-21 22:23:16 |t č. 21-31 + príl. |w 2026-02-21 |y PREZ |z Príl.: Top restaurace 2018 | ||
| 952 | |0 0 |1 0 |4 0 |7 0 |8 4 |a SNK |b SNK |d 2020-10-08 |i snk2020/18125 |l 0 |o snkČB 5819/2018/4 |p 17A1432190 |r 2026-02-21 22:23:17 |t č. 32-41 + 2 príl. |w 2026-02-21 |y PREZ |z Príl.: Českých 100 nejlepších (v č. 36); Euro life ( v č. 40) | ||
| 952 | |0 0 |1 0 |4 0 |7 0 |8 4 |a SNK |b SNK |d 2020-10-08 |i snk2020/18126 |l 0 |o snkČB 5819/2018/5 |p 17A1432191 |r 2026-02-21 22:23:17 |t č. 42-52 + 2 príl. |w 2026-02-21 |y PREZ |z Príl.: Top advokátní kanceláře 2018; Top miliardáři 2018 | ||


